| 000 | 00620nam a22001577a 4500 | ||
|---|---|---|---|
| 003 | OSt | ||
| 005 | 20150927141001.0 | ||
| 008 | 150927b xxu||||| |||| 00| 0 eng d | ||
| 040 | _cRUA | ||
| 082 | _aAGR LY 2003 B058 Or.1 | ||
| 100 |
_91415 _aLY, SOKTHY. |
||
| 245 | _aWaxicorn breeder seed production on wet season condition 2002, ការផលិតពូជជំរើសវិទូនៃដំណាំពោតដំណើបក្នុងលក្ខខ័ណ្ឌរដូវវស្សាឆ្នាំ២០០២ | ||
| 260 |
_aPhnom Penh _bRUA _c2003 |
||
| 300 |
_a65p. _bill. _c29cm. |
||
| 942 |
_2ddc _cATMSP |
||
| 999 |
_c1330 _d1330 |
||